| 000 | 00818cam a2200265 i 4500 | ||
|---|---|---|---|
| 001 | 2743940 | ||
| 003 | ARRUPE | ||
| 005 | 20130927165128.0 | ||
| 008 | 790118s1978 enkac 000 0aeng | ||
| 010 | _a 78324337 | ||
| 015 | _aGB78-24883 | ||
| 020 |
_a0855972491 : _c£1.90 |
||
| 040 |
_aDLC _cDLC _dDLC |
||
| 043 | _ae-uk-en | ||
| 050 | 0 | 0 |
_aBX4705.H333 _bA34 1978 |
| 100 | 1 |
_aHastings, Adrian. _91694 |
|
| 245 | 1 | 0 |
_aIn filial disobedience / _cby Adrian Hastings. |
| 260 |
_aGreat Wakering : _bMayhew-McCrimmon, _c1978. |
||
| 300 |
_a180 p. : _bill., ports. ; _c18 cm. |
||
| 600 | 1 | 0 |
_aHastings, Adrian. _91695 |
| 610 | 2 | 0 |
_aCatholic Church _zEngland _xClergy _xBiography. _91696 |
| 610 | 2 | 0 |
_aCatholic Church _xDoctrines. _91697 |
| 906 |
_a7 _bcbc _corignew _d4 _encip _f19 _gy-gencatlg |
||
| 942 |
_2lcc _cMONOGRAPH |
||
| 999 |
_c118150 _d118150 |
||